000 00737nam a2200253 i 4500
001 C2-0279661
003 PPAK
005 20180728010816.0
008 070508s2006 my |||| ||||| | may d
020 _a9838613142
040 _aPPAK
_beng
_cPPAK
_erda
082 0 4 _a624.1091724
_223
090 0 0 _a624.1091724
_bMAH
_dR
100 0 _aMahyuddin Ramli,
_eauthor
245 1 0 _aTeknologi binaan untuk negara membangun
264 1 _aPulau Pinang :
_bPenerbit Universiti Sains Malaysia ,
_c2006
300 _avi, 210 pages ;
_c24 cm
336 _2rdacontent
_atext
337 _2rdamedia
_aunmediated
338 _2rdacarrier
_avolume
650 1 0 _aStructural engineering - Developing countries.
700 _eauthor
942 _ddc
_cB
999 _c86276
_d86276